01405nam a22003977a 4500003000400000005001700004008004100021040002200062082001700084100005300101245001400154260007800168300001900246366000800265490002400273505001600297505003300313505002000346505003300366505001800399505004600417505007600463505002800539505001600567505003500583505002300618505002400641505002500665650004100690650005000731650004300781650004800824650004300872650004400915650004800959OSt20230518085349.0221006b |||||||| |||| 00| 0 eng d cBiblioteca Lado V a701.1bS744a aSrendni de Birbragher, Celiaeeditoraedirectora aArtNexus/ bAsociación de Revistas Culturalesc2019aCanadaaAmerica LatinaaBrasil c24x30cma119p. espa a114v18x0120 713 X tJose Davila tLa Bienal de Venecia de 2019 tAdan Vallecillo tLa Bienal de Whitney de 2019 tDiego Bianchi tFotografiaaNuevos Fotolibros Colombianos tExposicionesaLimal de Leandro Erlich Beatriz Gonzalez Artur Lescher tCrónicas Individuales tColectivas  tGuía de Galerías y Museos  tReseña de libros tLIbros y Catalogos  tLibros para la Venta 2Tesauro de Arte & ArquitecturaaARTE 2Tesauro de Arte & ArquitecturaaEXPOSICIONES  2Tesauro de Arte & ArquitecturaaBIENAL 2Tesauro de Arte & ArquitecturaaAPRECIACION 2Tesauro de Arte & ArquitecturaaTEORIA 2Tesauro de Arte & ArquitecturaaCRITICA 2Tesauro de Arte & ArquitecturaaFOTOGRAFIA